Paradigmas: el negocio de descubrir el futuro

Bewaard in:
Bibliografische gegevens
Hoofdauteur: Barker, Joel Arthur (Auteur)
Formaat: Boek
Taal:Spaans
Gepubliceerd in: Bogotá Mcgraw-Hill 1995
Editie:1a. ed
Onderwerpen:
Tags: Voeg label toe
Geen labels, Wees de eerste die dit record labelt!

MARC

LEADER 00000cam a2200000 a 4500
001 UCU1403
003 CL-VaPUC
008 960404e19950000CK |||||||||||||||||spa|d
020 |a 9586003361 
082 0 4 |a 658.406  |b BAR  |2 21 
100 0 |a Barker, Joel Arthur  |e author  |9 357065 
245 1 0 |a Paradigmas: el negocio de descubrir el futuro 
250 |a 1a. ed 
300 |a 258 p 
942 |c BK 
945 |d 19960404 00:00:00  |a rleighto 
260 |a Bogotá  |b Mcgraw-Hill  |c 1995 
650 7 |a DESARROLLO DE LA ORGANIZACION  |2 CL-VaPUC  |9 357066 
650 7 |a PARADIGMA  |2 CL-VaPUC  |9 335303 
650 0 |a Administración de empresas   |9 260833 
583 |a last modification  |c 20170228 11:33:22  |k Rodrigo Vera 
999 |c 246047  |d 246045 
952 |0 0  |1 0  |4 0  |6 658_406000000000000_BAR_1995  |7 0  |8 A  |9 260771  |a BIBEDU  |b BIBEDU  |d 2019-11-19  |i 3185737  |o 658.406 BAR 1995  |p 3185737  |r 2019-11-19  |w 2019-11-19  |y BK  |k EPE 
952 |0 0  |1 0  |3 erb  |4 0  |6 658_406000000000000_BAR_1995  |7 0  |8 A  |9 260772  |a BIBENE  |b BIBENE  |i 5329221  |o 658.406 BAR 1995  |p 5329221  |r 2025-01-15  |w 2019-11-19  |y BK  |z Catalogado en:20170303  |k ICO